01383nam a22003254a 4500001001200000003000800012006001900020007001500039008004100054010001700095020002800112020003100140040002100171035002100192050002700213082001700240245010800257260004900365300001600414490006600430504005600496533015200552600007000704655002900774700002100803700003500824710001700859830005500876856012600931ebr10197196CaPaEBRm u cr cn|||||||||060524s2006 gw sb 000 0 eng  z 2006017393 z3110182742 (alk. paper) z9783110182743 (alk. paper) aCaPaEBRcCaPaEBR a(OCoLC)29049095714aPT2681.E18bZ97 2006eb04a833/.91422200aW.G. Sebaldh[electronic resource] :bhistory, memory, trauma /cedited by Scott Denham, Mark McCulloh. aBerlin ;aNew York :bW. de Gruyter,cc2006. avii, 382 p.1 aInterdisciplinary German cultural studies,x1861-8030 ;vv. 1 aIncludes bibliographical references (p. [367]-382). aElectronic reproduction.bPalo Alto, Calif. :cebrary,d2013.nAvailable via World Wide Web.nAccess may be limited to ebrary affiliated libraries.10aSebald, Winfried Georg,d1944-2001xCriticism and interpretation. 7aElectronic books.2local1 aDenham, Scott D.1 aMcCulloh, Mark Richard,d1955-2 aebrary, Inc. 0aInterdisciplinary German cultural studies ;vv. 1.40uhttp://site.ebrary.com/lib/rucke/Doc?id=10197196zAn electronic book accessible through the World Wide Web; click to view